000 00546nam a2200205Ia 4500
005 20250505124925.0
008 008 250505s9999 xx 000 0 eng d
037 _aReference
040 _aLCO
_beng
_cLCO
041 _aeng
_2eng
084 _aY15 R0
_qLCO
100 _aKhan, Nuzhat parveen
245 0 _aWomen and child related Laws
_cNuzhat Parveen Khan
260 _aHaryana, India
_bLexisNexis
_c2020
300 _a524
365 _aINR
_b650
650 _aLaw
942 _cREF
_hY15 R0
999 _c1310685
_d1310685